[Event "Monarch Assurance 08th"]
[Site "Port Erin"]
[Date "1999.11.09"]
[Round "4"]
[White "Sutovsky, Emil"]
[Black "Short, Nigel D"]
[Result "1/2-1/2"]
[WhiteElo "2587"]
[BlackElo "2675"]
[Annotator "Mueller,Karsten"]
[PlyCount "153"]
[EventDate "1999.11.06"]
[EventType "swiss"]
[EventRounds "9"]
[EventCountry "IOM"]
[SourceTitle "CBM 074"]
[Source "ChessBase"]
[SourceDate "2000.02.01"]
[SourceVersion "1"]
[SourceVersionDate "2000.02.01"]
[SourceQuality "1"]

1. e4 e6 2. d4 d5 3. Nd2 Be7 4. Ngf3 Nf6 5. e5 Nfd7 6. Bd3 c5 7. c3 Nc6 8. O-O
a5 9. Re1 cxd4 (9... a4 10. dxc5 Nxc5 11. Bc2 f6 12. exf6 Bxf6 13. Nf1 O-O $132
{1/2-1/2 Ulibin,M-Shulman,Y/Calcutta 1999/[Shulman;Kapengut] (62)}) 10. cxd4
Nb6 11. Nf1 Bd7 12. Ng3 (12. a3 a4 13. Bd2 Na5 14. Bxa5 Rxa5 15. Qd2 Ra8 16.
Rac1 $14 {1-0 Jansa,V-Hausner,I/Hradec Kralove 1981/MCD-r8 (47)}) 12... h5 $5
13. Ne2 g5 $1 {[%mdl 32] Short setzt den mit 12...h5 begonnenen Plan
konsequent fort. Er erobert am Königsflügel Raum, drängt die weißen Springer
zurück und hofft, daß sein König im Zentrum vorerst sicher genug steht und
seine Türme auch so gut ins Spiel kommen.} 14. Nc3 (14. Be3 {kam in Betracht.})
14... g4 15. Nd2 Nxd4 $15 {/-/+ Shorts aggressives Spiel trägt erste Früchte.}
16. Nb3 Nxb3 17. axb3 Bc6 18. Nb5 Nd7 19. Bf4 Bxb5 20. Bxb5 Kf8 21. Rc1 Nc5 22.
Be3 d4 23. Bxd4 Nxb3 24. Qxb3 Qxd4 25. Rc7 Rd8 26. Rxb7 Bc5 27. Kh1 h4 (27...
Qxf2 $4 28. Rf1 $18) 28. h3 Rh5 29. hxg4 Rxe5 30. Rxe5 Qxe5 (30... Qd1+ $2 31.
Bf1 Qxf1+ 32. Kh2 Qxf2 ({auf} 32... Rd1 {geht ebenfalls} 33. Rxf7+) 33. Rxf7+
Qxf7 34. Rxc5 {und der schwarze Angriff schlägt nicht durch.}) 31. Qf3 Qe1+ 32.
Kh2 Bd6+ 33. g3 hxg3+ 34. fxg3 Be7 (34... Bxg3+ $6 35. Kh3 Bf4 36. Qxf4 Qh1+
37. Kg3 Qxb7 38. Qh6+ Kg8 39. Qg5+ Kh7 $11) 35. Bf1 Qd2+ 36. Be2 $6 Qc2 37. Rb5
Rd2 38. Re5 Kg7 (38... Qxb2 $5 39. Rxe6 a4 {und mir ist nicht klar, ob das
weiße Gegenspiel angesichts des weit vorgerückten a-Freibauern zum Remis
reicht.}) 39. b3 Bf6 40. Re4 Qc3 (40... Rd8 41. Rf4 Rh8+ 42. Kg1 (42. Kg2 $6
Qb1 43. Rxf6 (43. Bf1 Qh7 $40) 43... Qh1+ 44. Kf2 Rh2+ 45. Ke3 Qc1+ 46. Kd3
Qb1+ 47. Kc4 Qc2+ 48. Kb5 Qxe2+ 49. Qxe2 Rxe2 $15 {/-/+}) 42... Qb1+ 43. Bf1
Bd4+ 44. Kg2 {und Weiß kann sich halten.} (44. Rxd4 $2 Qb2 $19)) 41. Qxc3 Bxc3
42. Kh3 Bb4 43. Bc4 $15 Rc2 44. g5 Rc3 45. Rd4 Re3 46. Rd7 Be1 47. Kg4 Rxg3+
48. Kf4 Kg6 49. Bd3+ f5 50. gxf6+ Kxf6 51. Bc4 Rg1 52. Rh7 Bd2+ 53. Ke4 Re1+
54. Kd3 Bb4 55. Rh6+ Kf5 56. Rh5+ Kg4 57. Rh2 Kf3 58. Rh3+ Kf4 59. Rh4+ Kf5 60.
Rh5+ Kf6 61. Rh6+ Ke7 62. Rh7+ Kd6 63. Rh6 Bc5 64. Rg6 Ke7 65. Rh6 e5 66. Bd5
Kd7 67. Ra6 Bb4 68. Be6+ Ke7 69. Bd5 Kd7 70. Be6+ Kc7 71. Bd5 Rd1+ 72. Ke4 Bd6
73. Rxa5 Rd4+ 74. Kf5 $8 (74. Kf3 $2 Kb6 75. b4 Bxb4 76. Ra4 Kb5 $19) 74... Kb6
{[%tqu "De","Was ziehen Sie jetzt (eine schnelle Entscheidung ist gefragt) ?",
"","","b3b4","Diese beiden Punkte waren leicht zu bekommen.",2]} 75. b4 $8 Bxb4
(75... Rxb4 76. Ra1 Rh4 77. Rh1 $11) 76. Kxe5 Kxa5 77. Kxd4 1/2-1/2

[Event "Bundesliga 0203"]
[Site "Germany"]
[Date "2003.02.09"]
[Round "11.3"]
[White "Berelowitsch, Alexander"]
[Black "Paehtz, Thomas Sr"]
[Result "1/2-1/2"]
[WhiteElo "2541"]
[BlackElo "2459"]
[Annotator "Mueller,Karsten"]
[PlyCount "76"]
[EventDate "2002.10.19"]
[EventType "team-tourn"]
[EventRounds "15"]
[EventCountry "GER"]
[SourceTitle "CBM 094"]
[Source "ChessBase"]
[SourceDate "2003.05.26"]
[SourceVersion "1"]
[SourceVersionDate "2003.05.26"]
[SourceQuality "1"]
[WhiteTeam "Emsdetten Turm"]
[BlackTeam "Erfurt"]
[WhiteTeamCountry "GER"]
[BlackTeamCountry "GER"]

1. e4 e6 2. d4 d5 3. Nd2 Be7 4. Ngf3 Nf6 5. e5 Nfd7 6. Bd3 c5 7. c3 Nc6 8. O-O
cxd4 9. cxd4 Qb6 10. Nb3 a5 11. a4 Nb4 12. Bb1 Qd8 13. Bf4 (13. Bd2 Nb6 14. Nc5
Nc6 15. Nd3 Nd7 16. Nf4 g6 17. Bd3 Nf8 18. g3 h5 19. h4 Bd7 20. Nh3 Qb6 21. Bc3
$14 {1/2-1/2 Schumi,M-Vavra,P/Prague 1991/TD (40)}) (13. Ne1 b6 14. f4 g6 15.
Rf3 Nf8 16. Bd2 Ba6 17. Bc3 Qc7 18. Nc2 Nxc2 19. Bxc2 Nd7 20. Rc1 Nb8 21. Be1
Qd7 22. Rh3 $14 {1-0 Blatny,P-Tibensky,R/Trinec 1988/EXT 97 (64)}) 13... b6 14.
Re1 Ba6 15. Nc1 Nf8 16. Be3 Ng6 17. Ne2 Nh4 $6 (17... Rc8 $5 18. Nc3 O-O $11)
18. Nxh4 Bxh4 19. Nf4 g6 20. g3 $6 {es scheint mir logischer, das Problem der
Koordination der weißen Türme mit} (20. Ra3 $5 {sofort anzugehen, z.B.} Rc8 21.
Rc3 Be7 22. Qf3 b5 23. Rxc8 Qxc8 24. Rc1 $36) 20... Be7 21. h4 Qd7 22. Qf3 Rc8
23. Nh3 h6 24. Nf4 Rc6 (24... Nc2 25. Bxc2 Rxc2 {kam auch in Frage.}) 25. Bd2
Rc4 (25... Nc2 $2 {ist nun auch prinzipiell falsch, weil der Läufer b1 die
Koordination der weißen Türme behindert.} 26. Bxc2 Rxc2 27. Bc3 $16) 26. Bc3
Qc8 27. Qd1 $6 (27. h5 $5 g5 28. Ng2 O-O 29. Qd1 $14 {[%cal Gg2e3,Ge3g4]})
27... g5 28. hxg5 hxg5 29. Ne2 (29. Nh5 $5 Rxc3 30. bxc3 Qxc3 {[%cal Gh8h5,
Gc3e1]} 31. Ng7+ Kf8 32. Nxe6+ fxe6 33. Bg6 Kg7 34. Rc1 Qxe1+ 35. Qxe1 Kxg6 36.
Rc7 $13) 29... Kd7 30. Kg2 Qf8 31. Rh1 Rc8 $6 (31... Rxh1 32. Qxh1 f5 33. exf6
Qxf6 34. Qd1 Rc8 $11) 32. Rxh8 Qxh8 33. Bxb4 Qh5 34. Bd3 Rh8 $2 (34... Bxd3 35.
Qxd3 Bxb4 36. Rc1 $14) 35. Bxa6 $4 {[%mdl 8192]} (35. Bxe7 Bxd3 36. Qxd3 Kxe7
37. Rc1 g4 38. Qa3+ Ke8 39. Rc8+ $18) 35... Qh3+ 36. Kf3 (36. Kg1 $4 Qh1#)
36... Qf5+ 37. Kg2 Qh3+ 38. Kf3 Qf5+ (38... Qf5+ 39. Ke3 Qe4+ 40. Kd2 Bxb4+ 41.
Nc3 (41. Kc1 Rh1 42. Ng1 Qe1 $11) 41... Qxd4+ 42. Kc2 Bxc3 43. bxc3 Qxf2+ 44.
Qe2 Qxg3 $11) 1/2-1/2

[Event "NED-chT 0102 playoff"]
[Site "Enschede"]
[Date "2002.05.10"]
[Round "2.9"]
[White "Stellwagen, Daniel"]
[Black "Delemarre, Jop"]
[Result "1-0"]
[WhiteElo "2396"]
[BlackElo "2415"]
[Annotator "Mueller,Karsten"]
[PlyCount "81"]
[EventDate "2002.05.09"]
[EventType "team-k.o."]
[EventRounds "2"]
[EventCountry "NED"]
[SourceTitle "CBM 089"]
[Source "ChessBase"]
[SourceDate "2002.08.12"]
[SourceVersion "1"]
[SourceVersionDate "2002.08.12"]
[SourceQuality "1"]
[WhiteTeam "Hilversum HSG"]
[BlackTeam "Ordina Breda"]
[WhiteTeamCountry "NED"]
[BlackTeamCountry "NED"]

1. e4 e6 2. d4 d5 3. Nd2 Nf6 4. e5 Nfd7 5. c3 c5 6. Bd3 Nc6 7. Ne2 cxd4 8. cxd4
f6 9. exf6 Qxf6 10. Nf3 h6 11. O-O Bd6 12. Ng3 O-O 13. Bb1 Rd8 (13... Ne7 14.
Qd3 Nf5 15. Nh5 (15. Re1 Nb6 16. Nxf5 exf5 17. Ne5 {kommt auch in Betracht.})
15... Qf7 16. Nf4 g5 17. Ne2 e5 $6 18. dxe5 Nxe5 19. Nxe5 Bxe5 20. f4 $14 {
1-0 Muller,A-Wolfangel,F/Mulhouse FRA 2001/The Week in Chess 336 (39)}) (13...
Rf7 14. Nh5 Qd8 15. Bg6 Re7 16. Bf4 Nf8 17. Bd3 (17. Bc2 Rf7 18. Qd2 Bxf4 19.
Nxf4 Qd6 20. Ne2 Bd7 21. Qe3 $11 {/+/= 1/2-1/2 Sermek,D-Dimitrov,V/Pardubice
CZE 1999 (60)}) 17... Bxf4 18. Nxf4 Qd6 19. Qd2 Rf7 20. Ne2 Bd7 21. Qe3 Be8 22.
Ne5 Rc7 23. a3 $14 {0-1 Rizouk,A-Ulibin,M/Abu Dhabi UAE 2001/The Week in Chess
356 (74)}) 14. Re1 $5 (14. Qd3 Nf8 15. Re1 Bd7 16. Nh5 $6 Qf7 17. g4 $2 Rac8 $1
18. a3 $6 e5 $1 $17 {0-1 Gurieli,N-Bagirov,V/Berlin 1996/Inf 67/[Bagirov,V] 
(35)}) 14... a6 $6 $146 {der folgende schwarze Plan wirkt nicht überzeugend,
denn er ist und bleibt am Königsflügel anfällig und Se5 liegt in der Luft.} (
14... Nf8 15. Ne5 {Knaak: 'Die Besetzung dieses Feldes und das Befestigen
desselben führen in der Regel zu klarem Vorteil für Weiß. So auch hier.
Schwarz ist in der Folge ohne richtiges Spiel.'} Qh4 (15... Bxe5 16. dxe5 Qh4
17. f4 Ne7 18. Rf1 Nf5 19. Ne2 Qh5 20. Bxf5 exf5 21. Nd4 Qxd1 22. Rxd1 Bd7 23.
Be3 Rac8 24. Rac1 a6 25. g3 g6 26. Nb3 Rxc1 27. Rxc1 Ne6 28. Bb6 Rc8 29. Rxc8+
Bxc8 {1/2-1/2 Nay Oo Kyaw Tun-Myo Naing/Yangon 1998/CBM 69_07 (29)}) ({Knaak:
'Der Zug 15.Ne5 ist auch taktisch gerechtfertigt, denn:'} 15... Nxe5 $2 16.
dxe5 Bxe5 17. Nh5 Bxh2+ 18. Kxh2 Qxf2 19. Qg4 $18) 16. Nf3 Qf6 17. Ne5 Qh4 18.
f4 Bd7 (18... Bxe5 19. dxe5 $14) 19. Be3 $14 {1-0 Asrian,K-Ulibin,M/Krasnodar
1997/CBM 59/[Knaak] (43)}) 15. a3 Bb8 16. b4 Nf8 (16... e5 17. Ba2 Nb6 18. Bb2
$14) 17. Nh5 Qf7 18. Ne5 $5 $14 {/+/-} Nxe5 19. dxe5 Ba7 20. Be3 d4 $2 {
lässt ein schönes Läuferopfer auf h6 zu. Die schwarze Stellung ist allerdings
ohnehin sehr schwer zu spielen.} ({Ich schlage} 20... Bd7 21. Qg4 Be8 {vor, um
den Springer h5 zu befragen.}) 21. Bxh6 $3 {[%mdl 640]} d3 (21... gxh6 22. Nf6+
Kh8 (22... Kg7 23. Re4 Nd7 (23... d3 24. Rg4+ Kh8 25. Rh4 Qg7 26. Qd2 $18) 24.
Rg4+ Kh8 (24... Kf8 25. Qd2 $18) 25. Qd2 $18) 23. Qd2 Qg7 24. Re4 Nh7 (24...
Ng6 25. Rg4 d3 26. Bxd3 $18) 25. Nxh7 d3 (25... Qxh7 26. Rh4 $18) 26. Nf6 Qg5
27. Ra2 Bb8 28. h4 Qxd2 29. Rxd2 $18) 22. Bf4 b5 (22... d2 23. Rf1 Bd4 24. Ra2
Bc3 25. Qg4 Kh8 26. Rd1 $18) 23. Ra2 Bb7 24. Rd2 Ng6 25. Bg3 Rd4 26. Rxd3 Rad8
27. Rxd4 Rxd4 28. Qc1 (28. Qe2 $5) 28... Nh4 29. Nf4 $2 (29. Qg5 Nxg2 30. Rc1
Bb6 31. Nf6+ Kf8 32. Bg6 Qc7 33. h3 $18) 29... Rc4 $2 ({Delemarre verpasst den
Schlag} 29... Nxg2 $3 {welcher ihm gute Siegchancen gegeben hätte:} 30. Bg6 (
30. Nxg2 Qf3 31. Be4 Bxe4 32. Rxe4 Qxe4 33. Nf4 Rc4 34. Qd1 Bd4 $19) 30... Qd7
31. Nxg2 Qd5 32. Be4 Rxe4 33. Rxe4 Qxe4 34. Qf1 Qf3 $17) 30. Qd2 Rd4 31. Qc2 g5
(31... Rxf4 32. Qh7+ Kf8 33. Qh8+ Qg8 34. Qxg8+ Kxg8 35. Bxf4 Nxg2 36. Rd1 Nxf4
37. Rd8+ Kf7 38. Rd7+ $18) 32. Bxh4 ({Fritz gibt} 32. Nxe6 {an, z.B.} Nxg2 33.
Nxd4 Nxe1 34. e6 $18) 32... gxh4 33. g3 $1 {[%mdl 256] dieser Zug sieht zwar
merkwürdig aus, weil er die Diagonale des Läufers b7 öffnet, ist aber richtig
und zwingend notwendig, um zu gewinnen.} (33. Nxe6 $2 Rg4 34. Nc5 Bxg2 35. Qf5
Bh3+ 36. Kh1 Bg2+ $11) 33... Rxf4 (33... hxg3 34. hxg3 Qg7 35. Nxe6 Rh4 36.
Qc8+ Bxc8 37. Nxg7 $18) 34. gxf4 Qxf4 35. Qg6+ Kf8 36. Qf6+ Qxf6 37. exf6 Bd5
38. Be4 Bc4 39. Bg6 $6 {macht es technisch etwas schwieriger als nötig, ändert
am Ergebnis aber nichts.} (39. Rd1 Bb6 40. Rd7 $18) 39... Bd4 40. f7 e5 (40...
Bd5 41. Rc1 Bc4 42. Rc2 h3 43. Rd2 e5 44. Bf5 Kxf7 45. Bxh3 $18) 41. Re4 (41.
Re4 Bxf7 42. Bxf7 Kxf7 43. Rxh4 Bb2 44. Rh3 $18) 1-0

[Event "EU-ch 6th"]
[Site "Warsaw"]
[Date "2005.06.29"]
[Round "11"]
[White "Jones, Gawain C B"]
[Black "Kovacevic, Blazimir"]
[Result "0-1"]
[WhiteElo "2439"]
[BlackElo "2510"]
[Annotator "Mueller,Karsten"]
[PlyCount "168"]
[EventDate "2005.06.18"]
[EventType "swiss"]
[EventRounds "13"]
[EventCountry "POL"]
[SourceTitle "CBM 108"]
[Source "ChessBase"]
[SourceDate "2005.09.26"]
[SourceVersion "1"]
[SourceVersionDate "2005.09.26"]
[SourceQuality "1"]

1. e4 e6 2. d4 d5 3. Nd2 Nf6 4. e5 Nfd7 5. Bd3 c5 6. c3 Nc6 7. Ne2 a5 8. O-O
cxd4 9. cxd4 Nb6 10. Nf3 h6 11. h4 a4 12. Nf4 Bd7 13. Re1 Nb4 14. Bb1 Nc4 15.
h5 Qb6 16. a3 Nc6 17. Bc2 Qa7 18. Rb1 b5 19. b3 axb3 20. Rxb3 Bxa3 21. Bxa3
Nxa3 22. Bd3 Qa4 23. Bf1 Na5 24. Nd2 N3c4 25. Rg3 Qxd1 26. Rxd1 O-O 27. Nb3
Nxb3 28. Rxb3 Ra2 29. Nd3 Rfa8 30. Nb4 Ra1 31. Rbb1 Rxb1 32. Rxb1 Ra4 33. Nd3
Nd2 34. Rb2 Nxf1 35. Nc5 Ra7 36. Kxf1 Be8 37. g4 Kf8 38. Ke2 Ke7 39. Rb3 Ra2+
40. Ke3 Ra7 41. Nd3 Kd8 42. Rc3 Bd7 43. Nb4 Ra4 44. Nd3 Ra1 45. Rb3 Kc7 46. Nc5
Bc6 47. Ke2 Ra2+ 48. Ke3 Kb6 49. Nd3 Ra4 50. Nb4 Bd7 51. Nd3 Be8 52. Nc1 Ra1
53. Nd3 Ka5 54. f3 Ra4 55. Nc5 Ra1 56. Nb7+ Kb6 57. Nc5 Bc6 58. Nd3 Ka5 59. Rc3
Kb6 60. Rb3 Bd7 61. Nc5 Be8 62. Nd3 Bc6 63. Nb4 Rc1 64. Nd3 Rc4 65. Nb2 Ka5 66.
Kd3 $2 (66. Ra3+ Kb6 (66... Kb4 67. Ra6 Rc3+ 68. Nd3+ Kb3 69. Kd2 $11) 67. Rb3
{und es ist nicht klar, ob Schwarz durchbrechen kann.}) 66... b4 $1 67. Kd2 (
67. Nxc4+ $2 dxc4+ 68. Kxc4 Bd5+ $19) 67... Ba4 (67... Rxd4+ 68. Ke3 Ba4 69.
Kxd4 Bxb3 {gewann ebenfalls.}) 68. Nxc4+ dxc4 69. Re3 Bc6 70. f4 c3+ 71. Kd3
Ka4 72. f5 (72. Kc2 Ka3 73. Re1 Ba4+ 74. Kd3 c2 75. Ra1+ Kb2 76. Rxa4 b3 $19)
72... Kb3 73. d5 exd5 74. f6 gxf6 75. exf6 c2 76. Re1 Bd7 77. Kd2 Kb2 78. g5
hxg5 79. h6 Bf5 80. Rc1 b3 81. Rf1 Bg6 82. Rg1 Ka2 83. Rg4 b2 84. Kc3 c1=Q+ 0-1

[Event "EU-Cup 19th"]
[Site "Rethymno"]
[Date "2003.09.29"]
[Round "2.5"]
[White "Schulz, Klaus Juergen"]
[Black "Jacimovic, Dragoljub"]
[Result "1-0"]
[WhiteElo "2380"]
[BlackElo "2446"]
[Annotator "Mueller,Karsten"]
[PlyCount "72"]
[EventDate "2003.09.28"]
[EventType "team-swiss"]
[EventRounds "7"]
[EventCountry "GRE"]
[SourceTitle "CBM 098"]
[Source "ChessBase"]
[SourceDate "2004.02.03"]
[SourceVersion "1"]
[SourceVersionDate "2004.02.03"]
[SourceQuality "1"]
[WhiteTeam "Eynatten"]
[BlackTeam "Skopje"]
[WhiteTeamCountry "BEL"]
[BlackTeamCountry "MKD"]

1. e4 e6 2. d4 d5 3. Nd2 Nf6 4. e5 Nfd7 5. c3 c5 6. Bd3 Nc6 7. Ne2 cxd4 8. cxd4
f6 9. exf6 Qxf6 10. Nf3 h6 11. O-O Bd6 12. Bd2 O-O 13. Bc3 a6 $6 {verliert
wertvolle Zeit.} (13... Rd8 {ist die Hauptvariante:} 14. Re1 (14. a3 Nf8 15.
Bc2 Bd7 16. Re1 Be8 17. Ng3 Bg6 $11 {1/2-1/2 McGowan,D-Nolan,G/Stirling 2002/
CBM 89 ext (45)}) (14. Ng3 Nf8 15. Re1 Bd7 {1-0 Lutz,D-Nies,P/Bad Homburg 2000/
EXT 2001 (74)} 16. Ne5 $14) (14. Rc1 Nf8 15. Bb1 $6 (15. Ng3 $5) 15... Bd7 16.
Ng3 Be8 17. Qe2 Bg6 $11 {0-1 Gomila Pons,A-Dimitrov,V/Foment 1995/EXT 97 (43)})
(14. Bc2 Nf8 15. Nc1 Bd7 16. Nd3 Be8 17. Nfe5 Bxe5 18. Nxe5 Nxe5 {1/2-1/2
Hermansen,R-Watson,J/USA 1996/EXT 2001 (18)}) (14. Qd2 Nf8 15. Rae1 Bd7 16. Qe3
Ng6 17. Bxg6 Qxg6 18. Nf4 Bxf4 19. Qxf4 Rac8 20. Re3 Qf6 21. Qg3 Be8 22. Rfe1
Bf7 $14 {1/2-1/2 Savon,V-Tibensky,R/Pila 1992/EXT 97 (92)}) 14... Nf8 15. Ng3
Bd7 16. Ne5 Bxe5 17. dxe5 Qh4 18. Qb3 b6 19. Rac1 Ne7 20. Bb4 Rac8 21. Bd6 $14
{1/2-1/2 Lalau,A-Lamb,H/Feignies 2000/EXT 2003 (69)}) (13... Qf7 14. Qd2 e5 15.
dxe5 Ndxe5 16. Nxe5 Nxe5 17. Bc2 Be6 18. Bxe5 Bxe5 19. Nd4 Bg4 20. h3 Qf4 21.
Qxf4 Rxf4 22. hxg4 Rxd4 23. Bb3 Kh8 {1/2-1/2 Palacin Martin,R-Scavo,F/Vila de
Poblenou, Barcelona 2001/EXT 2002 (23)}) 14. Ng3 Rd8 15. Qe2 (15. Re1 $5 Rf8
16. Qe2 $14) 15... Nf8 $2 (15... e5 {war vonnöten, um eine Blockade im Zentrum
zu verhindern, z.B.} 16. dxe5 Ndxe5 17. Nxe5 Bxe5 18. Bxe5 Nxe5 19. Nh5 Qd6 20.
Rfe1 Re8 21. Qd2 Bg4 22. Ng3 $14) 16. Ne5 $1 $16 Qh4 17. f4 Bd7 18. a3 Be8 19.
Rae1 Rac8 20. Qe3 Bxe5 21. fxe5 Qg5 22. Qf3 (22. Qxg5 hxg5 23. Ne2 $16) 22...
Ng6 (22... Bg6 23. Bxg6 Qxg6 24. Ne2 Rd7 25. Nf4 Qe8 26. Qg4 Rdc7 27. Re3 $16 {
[%cal Ge3f3]}) 23. Ne2 Rd7 24. Qh3 Re7 25. Rf2 Qh4 26. Qe3 Rf7 27. g3 Qg5 (
27... Qg4 28. Ref1 Nge7 29. Rf4 Rxf4 30. Nxf4 $16) 28. Qxg5 $16 hxg5 29. Bd2
Rxf2 30. Kxf2 g4 31. Ke3 Nce7 32. Rc1 Rxc1 33. Nxc1 Bb5 $2 (33... Nf5+ 34. Bxf5
exf5 {war viel zäher und möglicherweise sogar remis.}) 34. Bc2 Bc4 $6 35. Bb4
Kf7 $6 (35... Nf5+ {was more tenacious. war besser.}) 36. b3 Bb5 (36... Bb5 37.
a4 Bf1 (37... Nc6 38. Bc5 Bf1 39. Bd1 Bh3 40. Nd3 Nge7 41. Nf2 Nf5+ 42. Kd3 Nh6
43. Be2 Nb8 44. Kc3 Nc6 45. b4 $18) (37... Bd7 38. Bd1 Nf5+ 39. Kd3 Nh6 40. Bd2
$18) 38. Kf2 Bh3 39. Bxg6+ Nxg6 40. a5 Nh8 41. Nd3 Kg6 42. Nc5 Kf5 43. Nxb7 $18
) 1-0

[Event "Bundesliga 0203"]
[Site "Germany"]
[Date "2002.12.15"]
[Round "6.7"]
[White "Holzke, Frank"]
[Black "Zumsande, Martin"]
[Result "1/2-1/2"]
[WhiteElo "2479"]
[BlackElo "2374"]
[Annotator "Mueller,Karsten"]
[PlyCount "94"]
[EventDate "2002.10.19"]
[EventType "team-tourn"]
[EventRounds "15"]
[EventCountry "GER"]
[SourceTitle "CBM 093"]
[Source "ChessBase"]
[SourceDate "2003.04.01"]
[SourceVersion "1"]
[SourceVersionDate "2003.04.01"]
[SourceQuality "1"]
[WhiteTeam "Wattenscheid"]
[BlackTeam "Emsdetten Turm"]
[WhiteTeamCountry "GER"]
[BlackTeamCountry "GER"]

1. e4 {Hecht} e6 2. d4 d5 3. Nd2 Nf6 4. e5 Nfd7 5. Bd3 c5 6. c3 Nc6 7. Ne2 cxd4
8. cxd4 f6 9. exf6 Qxf6 10. Nf3 h6 11. O-O Bd6 12. Be3 O-O 13. Bc2 Rf7 14. Qd2
Nf8 15. a3 Bd7 16. Ng5 $5 Re7 (16... hxg5 17. Bxg5 Bf4 18. Bxf4 Nxd4 19. Nxd4
Qxf4 20. Rad1 Rc8 21. Rfe1 $14) 17. f4 Be8 (17... hxg5 $2 18. fxg5 $18) 18. f5
$2 {diese Neuerung erweist sich als überscharf.} (18. Nf3 Bg6 19. Ba4 Rc7 20.
Ne5 Rac8 21. Nc3 Qd8 22. Nb5 Re7 23. Nxd6 Qxd6 $14 {1-0 Hamdouchi,H-Zhang
Pengxiang/Cap d'Agde 2000/CBM 80/[Bangiev] (57). (56)}) 18... hxg5 19. Bxg5 Qf7
20. f6 $6 (20. Bxe7 Qxe7 21. fxe6 Nxe6 22. Qd3 Qh4 $17) 20... Rc7 21. fxg7 Qxg7
22. Bh6 Qg4 23. Rf3 Bg6 24. Bf4 $6 (24. h3 Qh5 25. g4 Qh4 26. Bxf8 Rxf8 27.
Rxf8+ Bxf8 28. Bxg6 Qxh3 29. Bh5 Rg7 $17) 24... Bxf4 $6 {macht den weißen
Angriff schneller, weil es den Springer nach f4 befördert.} (24... Ne5 $1 25.
Bxe5 (25. Rg3 Rxc2 $19) 25... Rxc2 26. Qe3 Bxe5 27. dxe5 Qe4 $19) 25. Nxf4 Ne5
$6 (25... Nxd4 $5 26. Qxd4 Rxc2 27. Qf6 e5 28. Rg3 Qxg3 29. hxg3 exf4 $17) 26.
Rg3 $2 (26. dxe5 Rxc2 27. Qe3 {mit sehr unklaren Verwicklungen scheint mir
besser zu sein, z.B.} d4 28. Qb3 d3 29. Raf1 d2 30. h3 Qg5 31. Nxe6 Nxe6 32.
Qxe6+ $13) 26... Rxc2 $19 27. Rxg4 Rxd2 28. dxe5 Kh7 29. Rc1 Rc2 30. Rf1 Bf5 $2
(30... Rxb2 31. Rh4+ Kg7 32. Rg4 Rc8 33. h4 Kh6 34. Nxg6 Nxg6 35. Rf6 Rg8 36.
Rxe6 Rb6 $19) 31. Rh4+ Kg8 $2 (31... Kg7 $1 32. Nh5+ Kg8 33. Nf6+ Kf7 34. Nxd5
exd5 35. Rxf5+ Ke6 $17) 32. Nxd5 $1 exd5 (32... Rd8 $5 33. Ne7+ Kf7 34. Nxf5
exf5 35. Rxf5+ Ke6 36. Rf1 Kxe5 37. Rh8 Ne6 $15 {/-/+}) 33. Rxf5 Rc7 (33...
Rxb2 $2 34. Rg4+ Kh8 35. Rh4+ $11) 34. e6 Nxe6 35. Rg4+ Rg7 (35... Ng7 $5 36.
Rxd5 Re8 $15 {/-/+}) 36. Rxg7+ Kxg7 37. Rxd5 Rf8 $6 (37... Kf6 38. Rd7 b5 {
bot bessere Gewinnchancen.}) 38. Rd7+ Rf7 39. Rxf7+ Kxf7 40. Kf2 Nc5 (40... Nf4
$1 {[%csl Rb2,Rg2][%cal Rf4d3] (Hecht) beinhaltet wegen des Angriffs auf g2
mehr Möglichkeiten. Ich stelle einige denkbare Angriffsvariationen vor, bei
denen allein der Springer auf Bauernjagd geht und die eigenen Bauern hinten
bleiben.} 41. b3 (41. b4 {Hecht} Nd3+ 42. Ke2 {[%csl Ge1]} Nb2 43. h4 Nc4 44.
a4 Nb6 45. a5 Nd5 46. b5 Nc3+) (41. Kf3 {Hecht} Nd3 42. b3 Ne1+ 43. Kf2 Nc2 44.
a4 Nd4 45. b4 Kf6) 41... Nd3+ 42. Ke3 Ne1 43. g4 Nc2+ 44. Ke4 Nxa3) 41. Ke3 Ke6
42. h4 Ke5 43. h5 Ne6 44. h6 Ng5 45. Kd3 {[%mdl 4096]} Kd5 {Schwarz kann nicht
gewinnen, weil der Springer den Damenflügel alleine nicht zusammenhalten kann,
z.B.} (45... Kf5 46. Kd4 Kg6 47. Kd5 Kxh6 48. Kd6 Ne4+ 49. Kc7 Nc5 50. Kb8 (50.
b4 $2 b6 51. Kb8 Na4 52. Kxa7 b5 53. Ka6 Nc3 54. Kb6 Kg5 55. Kc5 Kf4 56. Kd4
Nb1 57. a4 bxa4 58. Kd3 Na3 $19 (58... a3 $2 59. Kc2 Nd2 (59... a2 60. Kb2 Nc3
$11) 60. b5 Nc4 61. Kb3 Ke5 62. g4 $11)) 50... a5 51. b4 b6 52. Ka7 axb4 53.
axb4 Na4 54. Ka6 $11) 46. Ke3 Ke5 47. Kd3 Kd5 1/2-1/2

[Event "RUS-ch 56th"]
[Site "Krasnoyarsk"]
[Date "2003.09.08"]
[Round "5"]
[White "Belozerov, Andrei"]
[Black "Dolmatov, Sergey"]
[Result "1-0"]
[WhiteElo "2541"]
[BlackElo "2605"]
[Annotator "Mueller,Karsten"]
[PlyCount "57"]
[EventDate "2003.09.03"]
[EventType "swiss"]
[EventRounds "9"]
[EventCountry "RUS"]
[SourceTitle "CBM 098"]
[Source "ChessBase"]
[SourceDate "2004.02.03"]
[SourceVersion "1"]
[SourceVersionDate "2004.02.03"]
[SourceQuality "1"]

1. e4 e6 2. d4 d5 3. Nd2 c5 4. Ngf3 Nf6 5. e5 Nfd7 6. c3 Nc6 7. Bd3 Rb8 8. O-O
b5 9. Re1 Be7 10. Nf1 b4 11. c4 $5 {[%mdl 8] eine superscharfe Neuerung, mit
der Belozerov den weißen Entwicklungsvorsprung zur Geltung bringen und in
Druck im Zentrum und am Königsflügel umsetzen will.} (11. g4 $6 Qb6 12. Bc2 h5
13. h3 Ba6 14. Ng3 hxg4 15. hxg4 bxc3 16. bxc3 cxd4 17. cxd4 Nb4 18. Bb1 g6 $15
{0-1 Loew,G-Vaganian,R/Germany 1994/GER-chT (34). (34)}) (11. Ng3 $5 bxc3 12.
bxc3 Qa5 13. Bd2 c4 14. Bc2 O-O 15. Bg5 f6 (15... Qxc3 $2 16. Bxe7 Nxe7 17.
Bxh7+ Kxh7 18. Ng5+ Kg8 19. Qh5 Qd3 20. N3e4 $18) 16. exf6 Nxf6 17. Ne5 $14 {
1-0 Rapp,J-Wroblewski,P/IECG Email 2001/MegaCorr3 (29)}) 11... dxc4 12. Bxc4
cxd4 13. Nxd4 Ndxe5 (13... Ncxe5 $5 14. Bb5 (14. Bxe6 fxe6 15. Nxe6 Qb6 $13)
14... Bc5 15. Be3 (15. Rxe5 $2 {is met by wird mit} Rxb5 {beantwortet.}) 15...
Qb6 16. Bxd7+ Bxd7 17. Nf5 O-O $13) 14. Bf4 Nxc4 15. Nxc6 Qxd1 16. Rexd1 Rb6 (
16... Rb7 17. Rac1 Nb6 (17... Nxb2 $2 18. Na5 $16) 18. Nxe7 Kxe7 19. Bd6+ Kf6
20. Bxb4 Nd5 $11) 17. Nxe7 Kxe7 18. Rac1 Ba6 $2 (18... Rc6 {was called for:
war vonnöten:} 19. b3 Nb2 (19... Na5 $2 20. Bd2 Rxc1 21. Bxb4+ Kf6 22. Rxc1 Nb7
23. Rc6 Rd8 24. Ne3 $16) 20. Rd4 e5 21. Re1 Be6 22. Bxe5 f6 23. Bg3 Rd8 24.
Rxb4 Rd7 $14) 19. b3 e5 20. Bg3 Nd6 $2 (20... Nb2 21. Rc7+ Ke6 22. Rdd7 f6 $14
{/+/-}) 21. Ne3 (21. Bxe5 $5) 21... Ke6 22. Nd5 $1 Bb7 (22... Rb7 23. Nc7+ Rxc7
24. Rxc7 $16) 23. Nxb6 axb6 24. Rc7 Bd5 25. Re1 f6 $2 (25... Ne4 $16 {war
zäher.}) 26. Rxg7 Ra8 27. Rxh7 Rxa2 28. Rh4 e4 (28... Ne4 29. f3 Nxg3 30. hxg3
e4 31. Rhxe4+ $18) 29. f3 1-0